| 000 | 00959nmm a2200277 a 4500 | ||
|---|---|---|---|
| 001 | ocm000592857 | ||
| 003 | TR-IsHL | ||
| 005 | 20201028120841.0 | ||
| 008 | 130627s2009 tu tur | ||
| 007 | cr cn | ||
| 020 | _a9789944605045 | ||
| 035 |
_a592857 _b(N$T) |
||
| 050 | 0 | 4 |
_aHG3256.5.A8 _bD48 2009 |
| 090 | 0 | 4 |
_aHG3256.5.A8 _bD48 2009 |
| 245 | 1 | 0 |
_aDevletin bankacılık sektöründe düzenleyici denetleyici rolü ve Türkiye uygulaması _h[electronic resource] / _chaz. Selami Er |
| 250 | _a1. bs. | ||
| 260 |
_aİstanbul : _bİstanbul Ticaret Odası, _c2009 |
||
| 300 | _a282 p. | ||
| 650 | 4 | _aEkonomi ve Finans | |
| 650 | 4 | _aEconomics and Finance | |
| 650 | 0 |
_aBankalar ve bankacılık _x Türkiye |
|
| 650 | 0 |
_aBanks and banking _x Turkey |
|
| 650 | 7 |
_aBUSINESS & ECONOMICS / Banks & Banking _2bisacsh |
|
| 700 | 1 | _aEr, Selami | |
| 856 | 4 | 0 | _uhttp://search.ebscohost.com/login.aspx?direct=true&scope=site&db=e011xww&AN=592857 |
| 999 |
_c1007 _d1007 |
||